[Event "Barcelona Catalunya op 26th"]
[Site "Barcelona"]
[Date "2014.10.04"]
[Round "2"]
[White "Ibarguen Riano, Alicia"]
[Black "Rodriguez Batuecas, Jordi"]
[Result "0-1"]
[WhiteElo "1700"]
[BlackElo "1843"]
[PlyCount "84"]
[EventDate "2014.09.27"]
[EventType "swiss"]
[EventRounds "9"]
[EventCountry "ESP"]
[SourceTitle "EXT 2017"]
[Source "ChessBase"]
[SourceDate "2016.10.25"]
[SourceVersion "1"]
[SourceVersionDate "2016.10.25"]
[SourceQuality "1"]

1. e4 c6 2. d4 d5 3. Nc3 dxe4 4. Nxe4 Nd7 5. Nf3 Ngf6 6. Bd3 Nxe4 7. Bxe4 Nf6 8. Qe2 g6 9. 0-0 Bg7 10. h3 0-0 11. c3 Nxe4 12. Qxe4 Bf5 13. Qe3 Qc7 14. Nh4 Be6 15. Nf3 Rac8 16. Bd2 c5 17. a3 cxd4 18. Nxd4 Bc4 19. Ne2 Bxe2 20. Qxe2 Rfd8 21. Rad1 Rd7 22. f4 e6 23. g3 Rcd8 24. Kg2 Rd3 25. Be3 Rxd1 26. Rxd1 a6 27. Rxd8+ Qxd8 28. c4 Qf6 29. b3 Qc3 30. Qd2 Qxd2+ 31. Bxd2 Kf8 32. c5 Ke8 33. b4 Kd7 34. a4 Kc6 35. Be3 Bc3 36. b5+ axb5 37. h4 bxa4 38. g4 a3 39. h5 a2 40. hxg6 hxg6 41. f5 a1Q 42. fxg6 fxg6 0-1